000 00942nam a2200229Ii 4500
003 JO-AjNU
008 230605s9999||||xx |||||||||||||| ||und||
017 _a1999/1/106
040 _aJO-AjNU
_bara
_erda
_cJO-AjNU
041 _aara
050 1 4 _aK5101.N556.2000
100 3 _aنجم، محمد صبحي,
_eauthor
_952982
245 0 0 _a قانون أصول المحاكمات الجزائية رقم 9 لسنة 1961 م. : أحكام تطبيقه ومضمونه
250 _aط1
264 3 1 _aعمان : مكتبة دار الثقافة،2000
300 _a573ص
_bيشتمل على مراجع ببلوغرافية ص (561-566)
336 _atext
_btxt
_2rdacontent
337 _aunmediated
_bn
_2rdamedia
338 _avolume
_bnc
_2rdacarrier
490 0 _aالمكتبة القانونية (306)
650 4 _aالمحاكم الجنائية -- الأردن -- قانون الإجراءات الجنائية -- الأردن
_952983
999 _aA23502
_c27070
_d27070